00273nam a2200109Ia 4500008004100000100002300041245004500064250000800109260002700117300001100144650000800155191201s2010 xx 000 0 und d aCOPELAND, Lausance 0aExchange Rates and International Finance aIMP aN.DelhibPearsonc2010 a982+22 aMBA